Ο ελληνισμός της Μαύρης Θάλασσας : Πόντος - Ρωσία

Αποθηκεύτηκε σε:
Λεπτομέρειες βιβλιογραφικής εγγραφής
Άλλοι συγγραφείς: Γιούργος, Κωστής (Επιμελητής έκδοσης), Δρακόπουλος, Χάρης (Επιμελητής έκδοσης)
Μορφή: Βιβλίο
Γλώσσα:Greek
Δημοσίευση: Αθήνα : Καθημερινή, c1996.
Σειρά:Επτά ημέρες (Η Καθημερινή) ; 10
Θέματα:
Ετικέτες: Προσθήκη ετικέτας
Δεν υπάρχουν, Καταχωρήστε ετικέτα πρώτοι!

MARC

LEADER 00000cam a2200000 i 4500
001 1/28730
008 060504s1996 gr | ||| |||| ||gre||
035 |l 10083726 
040 |a GR-MyUa  |b gre  |e AACR2 
041 0 |a gre 
082 7 |a 938.993   |2 (22) 
245 0 2 |a Ο ελληνισμός της Μαύρης Θάλασσας :   |b Πόντος - Ρωσία /   |c επιμέλεια έκδοσης: Κωστής Γιούργος, Χάρης Δρακόπουλος.  
260 |a Αθήνα :   |b Καθημερινή,   |c c1996. 
300 |a 188 σ. :   |b εικ. ασπρ. & έγχρ. ;   |c 30 εκ. 
490 1 |a (Επτά ημέρες / Η Καθημερινή ;   |v 10) 
500 |a Δεμένα τεύχη του ένθετου της Καθημερινής "Επτά Ημέρες".  
505 8 |a Ιστορικός Πόντος -- Ποντιακός πολιτισμός -- Ο ελληνισμός της Ρωσίας -- Έλληνες δημιουργοί στη Ρωσία.  
650 0 0 |a Greeks  |z Pontus  |x Social life and customs. 
651 0 |a Pontus  |x History. 
651 0 |a Black Sea Coast  |x History. 
700 1 |a Γιούργος, Κωστής,  |e edt 
700 1 |a Δρακόπουλος, Χάρης,  |e edt 
830 0 |a Επτά ημέρες (Η Καθημερινή)  |v  ; 10 
852 |a INST  |b CHIOS  |e 20120627  |h 938.993 ΕΛΛ  |p 005200032787  |q 005200032787  |t BK  |y 0 
852 |a INST  |b SAMOS  |e 20060504  |h 938.993 ΕΛΛ  |p 005300026068  |q 005300026068  |t BK  |y 0 
852 |a INST  |b SYROS  |e 20110113  |h 938.993 ΕΛΛ  |p 005500009399  |q 005500009399  |t BK  |y 0 
901 |a BIBL5-2010-3 
901 |a BIBL3-2006-2 
901 |a BIBL2-2012-2 
970 |a Κοσιέρης  |b Χρήστος  |z 04/05/2006